Loreto College Library, Kolkata
WEBOPAC (ONLINE PUBLIC ACCESS CATALOGUE)

Structural Geology (Record no. 1562)

MARC details
000 -LEADER
fixed length control field 00647nam a2200205Ia 4500
008 - FIXED-LENGTH DATA ELEMENTS--GENERAL INFORMATION
fixed length control field 131103s9999 xx 000 0 und d
040 ## - CATALOGING SOURCE
Original cataloging agency Loreto College
041 ## - LANGUAGE CODE
Language code English
082 ## - DDC | ডিউই
Classification number | বর্গসংখ্যা 551.8/BIL
Book Number | গ্রন্থাঙ্ক LCLIB/12034
100 ## - MAIN ENTRY--PERSONAL NAME | মুখ্য সংলেখ - ব্যাক্তিনাম
Personal name | ব্যাক্তিনাম Billings, Marland P.
245 ## - TITLE STATEMENT | অাখ্যা বিবরণী
Title | অাখ্যা Structural Geology
Statement of responsibility | লেখকের দায়িত্বের বিবরণ Marland P. Billings
250 ## - EDITION STATEMENT | সংস্করণ ক্ষেত্র
Edition statement | সংস্করণ 2nd edition
260 ## - IMPRINT | প্রকাশনা ক্ষেত্র
Place of publication | প্রকাশ স্থান Tokyo
Name of publisher | প্রকাশকের নাম Prentice - Hall
Date of publication | প্রকাশ কাল 1961
300 ## - PHYSICAL DESCRIPTION |
Page / Vol. No | পৃষ্ঠা / খন্ড সংখ্যা xiv, 514 p.
Other physical details | অনান্য বাহ্যিক বিবরণ ill., plates, 381 fig.
504 ## - BIBLIOGRAPHY, ETC. NOTE
Bibliography, etc First printing (modern Asia edition), 1961,sixth printing, 1964
650 ## - SUBJECT ADDED ENTRY--TOPICAL TERM | বিষয় শিরোনাম - মূল বিষয়
Topical term | মূল বিষয় Structural Geology -
651 ## - SUBJECT ADDED ENTRY--GEOGRAPHIC NAME | বিষয় শিরোনাম - ভৌগলিক নাম
Geographic name | ভৌগলিক বিষয় Geology - Structural geology -
850 ## - HOLDING INSTITUTION
Holding institution LCLIB/551.8/BIL
942 ## - ADDED ENTRY ELEMENTS (KOHA)
Koha item type Books
Holdings
Withdrawn status Lost status Damaged status Not for loan Home library Current library Date acquired Total Checkouts Full call number Accession No. Date last seen Date checked out Price effective from Koha item type
        Loreto College Loreto College 04/11/2013 15 551.8/BIL LCLIB/12034 B2196 28/08/2019 28/08/2019 04/11/2013 Books